Obálka Náhled e-knihy:
PDF Epub
Pro půjčování e-knih musíte být přihlášeni.
Jak si půjčit online?

Družina Horských šelem. Počátky /

Fantasy českého autora, v níž hraje ústřední roli různorodá čtveřice přátel, uprchlých z území zdecimovaného orky.

Uloženo v:
Série:Družina Horských šelem, část 1
Hlavní autor: Eismann, Petr, 1981- (Autor)
Médium: E-kniha
Jazyk:Czech
Vydáno: [Praha] : Jonathan Livingston, 2020
Témata:
Příbuzné jednotky:Z cyklu:: Družina Horských šelem
Tagy:
Žádné tagy
LEADER 02715nam a2200397 i 4500
001 311163
003 CZ PrSKC
005 20260601215700.0
007 ta
008 200403s2020 xr g 000 f cze
015 |a cnb003214159 
020 |a 9788075511546  |q (brožováno) 
035 |a (OCoLC)1200248844 
040 |a ABG001  |b cze  |d OLA001  |d ABA001  |e rda 
072 7 |a 821.162.3-3  |x Česká próza  |2 Konspekt 
080 |a 821.162.3-31  |2 MRF 
080 |a (0:82-312.9)  |2 MRF 
100 1 |a Eismann, Petr,  |d 1981-  |7 xx0246498  |4 aut 
245 1 0 |a Družina Horských šelem.  |p Počátky /  |c Petr Eismann 
246 3 0 |a Počátky 
264 1 |a [Praha] :  |b Jonathan Livingston,  |c 2020 
300 |a 392 stran ;  |c 17 cm 
336 |a text  |b txt  |2 rdacontent 
337 |a bez média  |b n  |2 rdamedia 
338 |a svazek  |b nc  |2 rdacarrier 
520 2 |a Fantasy českého autora, v níž hraje ústřední roli různorodá čtveřice přátel, uprchlých z území zdecimovaného orky.  |b Tlupy orků vedených nelítostným trollem Tarbanasem plení pohraničí tanabiského baronství. Do jejich zajetí se dostávají i Jagh, Grult, Koré a Ranka, kteří se však na rozdíl od dalších zajatců odmítají smířit se svým osudem. Jakmile se jim naskytne příležitost, prchnou. Pronásledováni skupinami rozzuřených orků se probíjejí divočinou, kde se po několika dnech setkají s Tanabiskými štítonoši, nejslavnější družinou dobrodruhů v pohraničí. Těm se nezdolnost mladých přátel zalíbí natolik, že jim nabídnou svou pomoc. Díky ní vstupují do služeb místního velmože barona z Tanabisu. Ač se mladí přátelé touží pomstít orkům, kteří jim povraždili rodiny, slib daný Tanabiským štítonošům jim nedovoluje tuto touhu naplnit. Když jsou po čase slibu zproštěni, vydávají se na dobrodružnou výpravu, na jejímž konci se jim otevírá možnost žít tak, jak si každý z nich vždy tajně přál. Nakladatelská anotace. 
655 7 |a české romány  |7 fd133974  |2 czenas 
655 7 |a fantasy romány  |7 fd184199  |2 czenas 
655 9 |a Czech fiction  |2 eczenas 
655 9 |a fantasy novels  |2 eczenas 
787 0 8 |i Z cyklu:  |t Družina Horských šelem  |g 1 
900 |a ABA001  |b 21 
044 |a xr 
910 |a RBIT002 
998 |d 205636  |a https://core.palmknihy.cz/api/books/205636/cover?q89tub  |b https://core.palmknihy.cz/api/books/205636/cover/400?q89tub  |c https://core.palmknihy.cz/api/books/205636/cover/50?q89tub  |e 2027-12-31  |g 396  |i 9788075511546  |j https://core.palmknihy.cz/api/books/205636/preview.epub  |k https://core.palmknihy.cz/api/books/205636/preview.pdf  |l   |q 49  |r 1  |s https://www.palmknihy.cz/kniha/205636  |t ebook  |y 2020  |z 0  |v Družina Horských šelem  |w 1 
999 |d 311161